Statistics for Freiburg 2020's Starting XI

Click here to take the quiz!

General Stats

  • This quiz has been taken 238 times
    (24 since last reset)
  • The average score is 11 of 26

Answer Stats

Player% Correct
Vincenzo Grifo
90%
Mark Flekken
70%
Matthias Ginter
70%
Roland Sallai
65%
Michael Gregoritsch
55%
Christian Günter
50%
Jonathan Schmid
50%
Nicolas Höfler
50%
Ermedin Demirović
45%
Lucas Höler
45%
Florian Müller
40%
Kiliann Sildillia
40%
Maximilian Eggestein
40%
Noah Atubolu
40%
Philipp Lienhart
40%
Ritsu Doan
40%
Baptiste Santamaria
35%
Jeong Woo-yeong
35%
Lukas Kübler
35%
Alexander Schwolow
30%
Manuel Gulde
30%
Nils Petersen
30%
Janik Haberer
20%
Dominique Heintz
15%
Nico Schlotterbeck
15%
Robin Koch
15%

Score Distribution

Percentile by Number Answered

Percent of People with Each Score

Your Score History

You have not taken this quiz since the last reset